Statistiques concernant Les 5 chaînes de montagnes en France - satelitte

Cliquez ici pour prendre le quiz!

Statistiques générales

  • Ce quiz a été pris 912 fois
  • Le résultat moyen est 3 sur 5

Statistiques - réponses

Réponse% Correct
alpes
86%
massif central
67%
jura
54%
pyrénées
51%
vosges
42%

Distribution des résultats

Percentile par nombre de réponses

% des personnes avec chaque résultat

Votre développement - résultats

Vous n’avez pas pris ce quiz